[Event "Kesarovski Georgiev Memorial 5th"]
[Site "Sunny Beach"]
[Date "2006.09.07"]
[Round "6.36"]
[White "Tashev, Radoslav"]
[Black "Gjurov, Asparuh"]
[Result "1/2-1/2"]
[WhiteElo "1980"]
[BlackElo "1916"]
[PlyCount "75"]
[EventDate "2006.09.02"]
[EventType "swiss"]
[EventRounds "9"]
[EventCountry "BUL"]
[SourceTitle "CBM 114 Extra"]
[Source "ChessBase"]
[SourceDate "2006.11.03"]
[SourceVersion "1"]
[SourceVersionDate "2006.11.03"]
[SourceQuality "1"]

1. e4 e6 2. d4 d5 3. exd5 exd5 4. Bd3 Bd6 5. Qf3 Ne7 6. Ne2 0-0 7. Bg5 f6 8. Bf4 Nbc6 9. c3 Be6 10. Nd2 Bf7 11. h4 Bg6 12. Bxg6 hxg6 13. Qg4 Kf7 14. 0-0-0 b5 15. Rde1 b4 16. Nb3 bxc3 17. Nxc3 Bxf4+ 18. Qxf4 Nf5 19. h5 Nfe7 20. hxg6+ Nxg6 21. Qf5 Qd6 22. Nxd5 Rad8 23. Nc3 Qf4+ 24. Qxf4 Nxf4 25. Rd1 Nxg2 26. Rd2 Nf4 27. Rh4 Nd5 28. Nxd5 Rxd5 29. Rc2 Rd6 30. d5 Ne7 31. Rxc7 Rxd5 32. Re4 Re8 33. f4 f5 34. Re3 Kf6 35. Nc5 Rd4 36. Nd7+ Kf7 37. Ne5+ Kf8 38. Nd3 1/2-1/2

[Event "Calvia op Seniors"]
[Site "Calvia"]
[Date "2005.10.21"]
[Round "1"]
[White "Noskov, Anatolij"]
[Black "Gjurov, Asparuh"]
[Result "1-0"]
[WhiteElo "2243"]
[BlackElo "1939"]
[PlyCount "69"]
[EventDate "2005.10.21"]
[EventType "swiss"]
[EventRounds "9"]
[EventCountry "ESP"]
[SourceTitle "EXT 2006"]
[Source "ChessBase"]
[SourceDate "2005.11.24"]
[SourceVersion "1"]
[SourceVersionDate "2005.11.24"]
[SourceQuality "1"]

1. e4 e6 2. d4 d5 3. Nd2 Nf6 4. e5 Nfd7 5. Bd3 c5 6. c3 Nc6 7. Ne2 Qb6 8. Nf3 f6 9. exf6 Nxf6 10. 0-0 Bd6 11. Re1 0-0 12. Rb1 Bd7 13. b4 cxb4 14. cxb4 Qc7 15. a3 Ng4 16. Ng3 e5 17. dxe5 Ncxe5 18. Nxe5 Bxe5 19. Qc2 Qxc2 20. Bxc2 Rxf2 21. Bb3 Bc6 22. Rxe5 Nxe5 23. Kxf2 Rf8+ 24. Kg1 a6 25. Be3 Nc4 26. Bc5 Re8 27. Rd1 b5 28. Nf5 Ba8 29. Ne7+ Kf7 30. Nxd5 Rd8 31. Ne3 Rxd1+ 32. Nxd1 Kf6 33. Bd4+ Kg6 34. Bxc4 bxc4 35. Ne3 1-0

[Event "Kesarovski Georgiev Memorial 4th"]
[Site "Sunny Beach"]
[Date "2005.09.24"]
[Round "9"]
[White "Hristova, Hristina"]
[Black "Gjurov, Asparuh"]
[Result "1-0"]
[WhiteElo "1903"]
[BlackElo "1939"]
[PlyCount "64"]
[EventDate "2005.09.16"]
[EventType "swiss"]
[EventRounds "9"]
[EventCountry "BUL"]
[SourceTitle "CBM 108 Extra"]
[Source "ChessBase"]
[SourceDate "2005.11.04"]
[SourceVersion "1"]
[SourceVersionDate "2005.11.04"]
[SourceQuality "1"]

1. e4 e6 2. d4 d5 3. e5 c5 4. c3 Nc6 5. Nf3 Nge7 6. dxc5 Ng6 7. Bb5 Bxc5 8. b4 Bb6 9. Nd4 Ngxe5 10. f4 Bxd4 11. Qxd4 Qh4+ 12. g3 Nf3+ 13. Kf2 Nfxd4 14. Bxc6+ Nxc6 15. gxh4 Ne7 16. Nd2 Nf5 17. Nf3 Bd7 18. Bb2 f6 19. Rhg1 Rc8 20. Rae1 Rc4 21. Nd4 Nxd4 22. cxd4 Rxb4 23. Rb1 Kf7 24. Rgc1 Rc8 25. Rxc8 Bxc8 26. Ke3 e5 27. dxe5 Bf5 28. Rc1 Rxb2 29. Rc7+ Kg6 30. h5+ Kh6 31. h4 Kxh5 32. Rxg7 Kxh4 1-0

[Event "Kesarovski Georgiev Memorial 4th"]
[Site "Sunny Beach"]
[Date "2005.09.19"]
[Round "4"]
[White "Panaiotov, Janko"]
[Black "Gjurov, Asparuh"]
[Result "1-0"]
[WhiteElo "2302"]
[BlackElo "1939"]
[PlyCount "87"]
[EventDate "2005.09.16"]
[EventType "swiss"]
[EventRounds "9"]
[EventCountry "BUL"]
[SourceTitle "CBM 108 Extra"]
[Source "ChessBase"]
[SourceDate "2005.11.04"]
[SourceVersion "1"]
[SourceVersionDate "2005.11.04"]
[SourceQuality "1"]

1. e4 e6 2. d4 d5 3. Nc3 Bb4 4. e5 Ne7 5. Qg4 Ng6 6. h4 h5 7. Qg3 Nc6 8. Nf3 Nce7 9. Bd3 Nf5 10. Bxf5 exf5 11. Ng5 Qe7 12. 0-0 Bxc3 13. bxc3 Bd7 14. c4 dxc4 15. Ba3 f4 16. Qc3 Qd8 17. Qxc4 Be6 18. Nxe6 fxe6 19. Qxe6+ Ne7 20. Rab1 Rb8 21. Bxe7 Qxe7 22. Qg6+ Qf7 23. Qe4 c6 24. e6 Qc7 25. Qg6+ Kd8 26. Rfe1 Qe7 27. d5 Rh6 28. Qe4 cxd5 29. Qxd5+ Ke8 30. Rbd1 a6 31. Qe5 Rc8 32. Rd3 Qf6 33. Qd5 Rd8 34. Qxb7 Rxd3 35. cxd3 Qe7 36. Qb8+ Qd8 37. Qxf4 Rf6 38. Qg5 g6 39. Qe3 Qd6 40. Qe4 Ke7 41. Qb7+ Ke8 42. Qc8+ Ke7 43. Qb7+ Ke8 44. Rc1 1-0

[Event "Kesarovski Georgiev Memorial 4th"]
[Site "Sunny Beach"]
[Date "2005.09.18"]
[Round "3"]
[White "Gjurov, Asparuh"]
[Black "Dimitrov, Pavel"]
[Result "0-1"]
[WhiteElo "1939"]
[BlackElo "2161"]
[PlyCount "68"]
[EventDate "2005.09.16"]
[EventType "swiss"]
[EventRounds "9"]
[EventCountry "BUL"]
[SourceTitle "CBM 108 Extra"]
[Source "ChessBase"]
[SourceDate "2005.11.04"]
[SourceVersion "1"]
[SourceVersionDate "2005.11.04"]
[SourceQuality "1"]

1. Nf3 c5 2. c4 d6 3. Nc3 Nf6 4. g3 g6 5. Bg2 Bg7 6. 0-0 0-0 7. d3 Nc6 8. a3 a6 9. Rb1 Bg4 10. Nd5 Rb8 11. b4 cxb4 12. axb4 Nxd5 13. cxd5 Bxf3 14. Bxf3 Nd4 15. Bg2 Qb6 16. Be3 Rbc8 17. Bxd4 Bxd4 18. e3 Bc3 19. Qb3 Rc7 20. Rfc1 Rfc8 21. Rc2 Bxb4 22. Rxc7 Rxc7 23. d4 a5 24. Bf1 Qa7 25. Qa4 Qb8 26. Qb5 Qc8 27. Kg2 Kg7 28. Bd3 Rc3 29. Be4 Qg4 30. Bf3 Qf5 31. Rd1 Qc2 32. Qxb7 Rxe3 33. Qc6 Rc3 34. Qd7 Rxf3 0-1

[Event "Kesarovski Georgiev Memorial 3rd"]
[Site "Sunny Beach"]
[Date "2004.09.18"]
[Round "1"]
[White "Gjurov, Asparuh"]
[Black "Rusev, Krasimir"]
[Result "0-1"]
[WhiteElo "1969"]
[BlackElo "2419"]
[PlyCount "48"]
[EventDate "2004.09.18"]
[EventType "swiss"]
[EventRounds "9"]
[EventCountry "BUL"]
[SourceTitle "CBM 102 Extra"]
[Source "ChessBase"]
[SourceDate "2004.11.03"]
[SourceVersion "1"]
[SourceVersionDate "2004.11.03"]
[SourceQuality "1"]

1. d4 Nf6 2. c4 c5 3. d5 b5 4. b3 g6 5. Nc3 Bg7 6. Bd2 b4 7. Na4 d6 8. g3 Ne4 9. Rc1 Bd7 10. Bg2 Nxd2 11. Qxd2 Bxa4 12. bxa4 Qa5 13. Nh3 Bc3 14. Rxc3 bxc3 15. Qc2 Nd7 16. 0-0 Rb8 17. Ng5 Rb2 18. Qe4 Nf6 19. Qe3 c2 20. Ne4 0-0 21. Nc3 Rfb8 22. Bh3 Rb1 23. Qd2 Rxf1+ 24. Bxf1 Ne4 0-1

[Event "Plovdiv Tringov Memorial"]
[Site "Plovdiv"]
[Date "2004.02.18"]
[Round "4"]
[White "Gjurov, Asparuh"]
[Black "Zhekov, Zhivko"]
[Result "0-1"]
[WhiteElo "1981"]
[BlackElo "2236"]
[PlyCount "84"]
[EventDate "2004.02.16"]
[EventType "swiss"]
[EventRounds "9"]
[EventCountry "BUL"]
[SourceTitle "CBM 098 Extra"]
[Source "ChessBase"]
[SourceDate "2004.03.10"]
[SourceVersion "2"]
[SourceVersionDate "2004.03.10"]
[SourceQuality "1"]

1. d4 Nf6 2. c4 e6 3. Nc3 Bb4 4. a3 Bxc3+ 5. bxc3 b6 6. Bg5 Bb7 7. Nf3 0-0 8. e3 d6 9. Bd3 Nbd7 10. 0-0 h6 11. Bh4 Qe7 12. Qc2 Rfe8 13. e4 e5 14. Rfe1 Bc6 15. a4 a5 16. h3 Nf8 17. Nh2 Ng6 18. Bxf6 Qxf6 19. Ng4 Qg5 20. Kh2 h5 21. Ne3 exd4 22. cxd4 Bxe4 23. Bxe4 Qf4+ 24. g3 Qxe4 25. Qd2 Qf3 26. Nd5 Rac8 27. Rac1 Rxe1 28. Rxe1 Qb3 29. Qe2 Qxa4 30. Qxh5 Qxc4 31. Qf5 Rf8 32. h4 c6 33. Nxb6 Qxd4 34. Nd7 Rd8 35. h5 Nf4 36. Re3 Nd5 37. Re4 Qa7 38. Nb8 Rxb8 39. h6 g6 40. Rg4 Kh7 41. Qc2 Rb4 42. f4 Ne3 0-1

[Event "Plovdiv Tringov Memorial"]
[Site "Plovdiv"]
[Date "2004.02.16"]
[Round "1"]
[White "Rusev, Krasimir"]
[Black "Gjurov, Asparuh"]
[Result "1-0"]
[WhiteElo "2412"]
[BlackElo "1981"]
[PlyCount "67"]
[EventDate "2004.02.16"]
[EventType "swiss"]
[EventRounds "9"]
[EventCountry "BUL"]
[SourceTitle "CBM 098 Extra"]
[Source "ChessBase"]
[SourceDate "2004.03.10"]
[SourceVersion "2"]
[SourceVersionDate "2004.03.10"]
[SourceQuality "1"]

1. d4 d5 2. c4 e6 3. Bf4 g5 4. Bg3 h5 5. h3 Nf6 6. Nc3 Ne4 7. Nxe4 dxe4 8. a3 Bg7 9. e3 c5 10. Bxb8 Rxb8 11. Ne2 b5 12. cxb5 Rxb5 13. b4 cxd4 14. Nxd4 Rd5 15. Qa4+ Bd7 16. Qxa7 Qc8 17. Kd2 0-0 18. Ba6 Qb8 19. Qxb8 Rxb8 20. Kc3 Rd6 21. Bc4 Rc8 22. Kb3 Bxd4 23. exd4 Rxd4 24. Rac1 Rd2 25. Rhd1 Rxd1 26. Rxd1 Bc6 27. b5 Ba8 28. a4 e3 29. fxe3 Bxg2 30. Rg1 Bf3 31. Rxg5+ Kh7 32. b6 Kh6 33. Rg1 Bc6 34. a5 1-0

[Event "Baharov Memorial op 10th"]
[Site "Borovec"]
[Date "2002.12.05"]
[Round "7"]
[White "Raev, Rostislav"]
[Black "Gjurov, Asparuh"]
[Result "1-0"]
[WhiteElo "2206"]
[BlackElo "2010"]
[PlyCount "77"]
[EventDate "2002.12.01"]
[EventType "swiss"]
[EventRounds "7"]
[EventCountry "BUL"]
[SourceTitle "CBM 091 Extra"]
[Source "ChessBase"]
[SourceDate "2003.01.09"]
[SourceVersion "1"]
[SourceVersionDate "2003.01.09"]
[SourceQuality "1"]

1. Nf3 d5 2. g3 Nc6 3. d4 Bg4 4. Bg2 Nf6 5. Ne5 e6 6. Nxg4 Nxg4 7. 0-0 f5 8. c4 Be7 9. cxd5 exd5 10. Nc3 Nf6 11. Qb3 Na5 12. Qa4+ c6 13. b4 Nc4 14. b5 Nb6 15. Qc2 Qd7 16. a4 0-0 17. a5 Nc4 18. a6 Ne4 19. Nxe4 fxe4 20. Bxe4 cxb5 21. Bxh7+ Kh8 22. axb7 Qxb7 23. Bd3 Qd7 24. Ra6 Rac8 25. Qd1 Nd6 26. e3 Qh3 27. Be2 Ne4 28. Bb2 Nxf2 29. Qe1 Ne4 30. Bd3 Ng5 31. Rxa7 Qe6 32. Qe2 Rxf1+ 33. Kxf1 Rf8+ 34. Kg1 Nh3+ 35. Kg2 g6 36. Rxe7 Qc8 37. Rh7+ Kxh7 38. Qh5+ Kg7 39. Qxg6+ 1-0